000 00413nam a22001697a 4500
005 20160524095618.0
008 160524b xxu||||| |||| 00| 0 eng d
020 _a81-203-2238-X
041 _aeng
082 _b4480
100 _aSchiesser, Rich
_91078
245 _aIT Systems Management
260 _aNew Delhi
_bAcademic Faundation
300 _a473
650 _aInformation Technology
_9137
942 _cBK
999 _c1505
_d1505